[Event "?"]
[Site "?"]
[Date "2011.06.04"]
[Round "6.36"]
[White "Marquardt, Patrick"]
[Black "Maisch, Julian"]
[Result "1-0"]
[WhiteElo "2031"]
[BlackElo "1913"]
[PlyCount "129"]
[EventDate "2011.??.??"]
[WhiteTeam "SG Donautal Tuttlingen"]
[BlackTeam "SF 59 Kornwestheim"]

1. e4 e6 2. d4 d5 3. exd5 exd5 4. Nf3 Nf6 5. h3 Be7 6. c4 c6 7. Nc3 O-O 8. Bd3
dxc4 9. Bxc4 Nbd7 10. O-O Nb6 11. Bb3 h6 12. Re1 Bf5 13. Ne5 Nfd5 14. Qf3 Bh7
15. Bd2 Bf6 16. Rad1 a5 17. Ne4 a4 18. Bc2 Bxe5 19. dxe5 Nc4 20. Bc3 Qc7 21.
Rxd5 cxd5 22. Nf6+ gxf6 23. Bxh7+ Kxh7 24. Qf5+ Kh8 25. Qxf6+ Kh7 26. Qf5+ Kg7
27. e6+ f6 28. e7 Rf7 29. Re6 Ne5 30. Bxe5 Qc1+ 31. Kh2 Qg5 32. Qxg5+ hxg5 33.
e8=Q Rxe8 34. Rxe8 fxe5 35. Rxe5 Rxf2 36. Rxg5+ Kf6 37. Rxd5 Rxb2 38. Ra5 Rxa2
39. Rb5 a3 40. Rxb7 Rb2 41. Ra7 Rb3 42. Ra4 Kg5 43. h4+ Kh5 44. g3 Rb2+ 45. Kh3
a2 46. Ra5+ Kh6 47. Ra6+ Kg7 48. h5 Rc2 49. g4 Rb2 50. Kh4 Kh7 51. Ra7+ Kh8 52.
h6 Rc2 53. Kh5 Rb2 54. g5 Kg8 55. g6 Rh2+ 56. Kg5 Rg2+ 57. Kf5 Rf2+ 58. Ke4
Re2+ 59. Kf3 Re8 60. Rxa2 Rb8 61. Re2 Ra8 62. Kf4 Rb8 63. Kf5 Rf8+ 64. Kg5 Ra8
65. h7+ 1-0

[Event "?"]
[Site "?"]
[Date "2011.06.04"]
[Round "6.37"]
[White "Schuster, Gerhard"]
[Black "Schmidt, Markus"]
[Result "0-1"]
[WhiteElo "2015"]
[BlackElo "1816"]
[PlyCount "133"]
[EventDate "2011.??.??"]
[WhiteTeam "SC Feuerbach e. V."]
[BlackTeam "Stuttgarter SF 1879"]

1. e4 c5 2. Nf3 d6 3. Bb5+ Bd7 4. Qe2 Nc6 5. c3 a6 6. Ba4 g6 7. O-O Bg7 8. Bc2
Nf6 9. d4 cxd4 10. Nxd4 O-O 11. Nd2 Rc8 12. N2f3 Qb6 13. Nb3 Qc7 14. Re1 Ng4
15. Bg5 Rfe8 16. Rad1 Nge5 17. Nfd2 Nb4 18. Bb1 Bb5 19. c4 Bxc4 20. Nxc4 Qxc4
21. Qd2 Nbc6 22. f4 Ng4 23. h3 Nf6 24. Rc1 Qb4 25. Qf2 h6 26. Bh4 Nd7 27. Kh2
e6 28. Bd3 Qb6 29. Qc2 Ne7 30. Qe2 Rxc1 31. Rxc1 Nc6 32. Bf2 Qd8 33. Qf3 Bxb2
34. Rc2 Bg7 35. g4 Nb4 36. Rd2 Nxd3 37. Rxd3 Qe7 38. h4 Nc5 39. Nxc5 dxc5 40.
h5 c4 41. Rd1 g5 42. Kg3 gxf4+ 43. Qxf4 Qg5 44. Qxg5 hxg5 45. Be3 Be5+ 46. Kf3
f6 47. Rd7 b5 48. Ra7 Bf4 49. Bxf4 gxf4 50. Kxf4 Rc8 51. e5 c3 52. exf6 c2 53.
Kg5 c1=Q+ 54. Kg6 Qc2+ 55. Kh6 Qxa2 56. Rg7+ Kf8 57. g5 Qd2 58. Rh7 Rc5 59.
Rh8+ Kf7 60. Rh7+ Kf8 61. Rg7 Ke8 62. Rg8+ Kf7 63. Rg7+ Kf8 64. Rg6 Rxg5 65.
Rxg5 Kf7 66. Kh7 Qxg5 67. h6 0-1

[Event "?"]
[Site "?"]
[Date "2011.06.04"]
[Round "6.38"]
[White "Altimira, Jordi"]
[Black "Boyard, Marie"]
[Result "1/2-1/2"]
[WhiteElo "1805"]
[BlackElo "1989"]
[PlyCount "63"]
[EventDate "2011.??.??"]
[WhiteTeam "SV Rottweil"]

1. e4 g6 2. d4 Bg7 3. Be3 d6 4. Nf3 Nd7 5. c3 Ngf6 6. Bd3 O-O 7. h3 c5 8. Nbd2
Qc7 9. O-O e5 10. d5 h6 11. c4 Qd8 12. a3 a5 13. Nb1 Nh7 14. Qd2 g5 15. Nc3 a4
16. Nb5 Nb6 17. Kh2 Qe7 18. b4 axb3 19. Rfb1 f5 20. Qc1 g4 21. Bxh6 gxf3 22.
Bxg7 Qxg7 23. gxf3 fxe4 24. Bxe4 Qd7 25. Qh6 Nxc4 26. Rg1+ Kh8 27. Rg3 Rf6 28.
Rag1 Qf7 29. Rg8+ Qxg8 30. Rxg8+ Kxg8 31. Qxh7+ Kf8 32. Qh8+ 1/2-1/2

[Event "?"]
[Site "?"]
[Date "2011.06.04"]
[Round "6.39"]
[White "Steinhart, Christoph"]
[Black "Müller, Kai-Markus"]
[Result "1-0"]
[WhiteElo "1979"]
[BlackElo "1901"]
[PlyCount "149"]
[EventDate "2011.??.??"]
[WhiteTeam "TSV Schönaich"]
[BlackTeam "SV Backnang"]

1. e4 c6 2. d4 d5 3. exd5 cxd5 4. c4 Nf6 5. Nc3 g6 6. cxd5 Bg7 7. Bc4 O-O 8.
Nge2 b6 9. O-O Bb7 10. Qb3 Na6 11. Bg5 Qd6 12. a3 Nc7 13. Bf4 Qd7 14. Bxc7 Qxc7
15. Rac1 Qd8 16. Rc2 a6 17. a4 Qd6 18. f3 Qd8 19. Rd1 Rc8 20. Qa2 Bxd5 21. b3
Bb7 22. d5 Nh5 23. Qb1 Be5 24. Ne4 Ng7 25. Rcd2 Nf5 26. Qd3 Ra8 27. f4 Bd6 28.
g4 Ng7 29. Ng5 f6 30. Nf3 Kh8 31. h3 Qc7 32. Qe3 Rfd8 33. Nfd4 Bc5 34. Nc3 Bb4
35. Nde2 Rd7 36. Kf1 Rad8 37. Rd3 Bc5 38. Nd4 Qc8 39. Qe2 Qb8 40. Rf3 Bxd4 41.
Rxd4 Qa8 42. Re4 e6 43. Rxe6 Nxe6 44. Qxe6 Rd6 45. Qe7 R8d7 46. Qe1 Qf8 47. Re3
Rd8 48. Ne4 Bxd5 49. Nxd6 Qxd6 50. Bxd5 Qxd5 51. Re8+ Rxe8 52. Qxe8+ Kg7 53.
Qe7+ Kg8 54. Qe8+ Kg7 55. Qe7+ Qf7 56. Qb4 Qb7 57. Kf2 Qc7 58. Ke3 Qc1+ 59. Ke4
Qc2+ 60. Kd5 Qc7 61. Qd6 Qb7+ 62. Kd4 b5 63. a5 b4 64. Qd5 Qc7 65. Qc4 Qxa5 66.
Qc5 Qa1+ 67. Kc4 Qc1+ 68. Kxb4 Qxf4+ 69. Ka5 Qe5 70. b4 Qxc5+ 71. bxc5 Kf7 72.
Kxa6 Ke6 73. Kb7 f5 74. gxf5+ gxf5 75. c6 1-0

[Event "?"]
[Site "?"]
[Date "2011.06.04"]
[Round "6.40"]
[White "Kaplunov, Vadym"]
[Black "Zeller, Elisa"]
[Result "1-0"]
[WhiteElo "1961"]
[BlackElo "1795"]
[PlyCount "137"]
[EventDate "2011.??.??"]
[WhiteTeam "Stuttgarter SF 1879"]
[BlackTeam "SF 1876 Göppingen"]

1. d4 Nf6 2. c4 g6 3. Nf3 Bg7 4. Nc3 d6 5. e4 O-O 6. Be2 Nbd7 7. O-O e5 8. d5
Nc5 9. Qc2 a5 10. Ne1 Ne8 11. a3 f5 12. f3 f4 13. b3 Qh4 14. Rb1 Nd7 15. Nd3 g5
16. Bd2 Ndf6 17. Nf2 Nh5 18. Rfc1 Nhf6 19. Be1 Qh5 20. h3 Qg6 21. Nb5 b6 22. b4
axb4 23. axb4 Bd7 24. c5 bxc5 25. bxc5 Bxb5 26. Rxb5 Rf7 27. Qb2 Bf8 28. Rb8
Rxb8 29. Qxb8 dxc5 30. Nd3 Bd6 31. Qc8 c4 32. Rxc4 Re7 33. Bb4 Kg7 34. Qa8 Qf7
35. Qa6 Nd7 36. Bxd6 cxd6 37. Rc8 Ndf6 38. Qc4 Ra7 39. Qc3 Qb7 40. Rc6 Qb1+ 41.
Qc1 Qb7 42. Bf1 Ra2 43. Qe1 Qa7+ 44. Kh2 Ra1 45. Rc1 Ra3 46. Nb4 Re3 47. Qd1
Qb6 48. Nc6 Ra3 49. Ne7 Kf7 50. Nf5 Qb4 51. Rb1 Qc5 52. Bb5 Ra7 53. Bc6 Qa3 54.
Qg1 Rc7 55. Qb6 Qa7 56. Qb4 Qc5 57. Qb2 Kg6 58. Rc1 Qa7 59. Ra1 Qc5 60. Ra8 Kf7
61. Qb8 Rxc6 62. dxc6 Qxc6 63. Ra7+ Kf8 64. Qd8 Qc4 65. Nxd6 Qc6 66. Qe7+ Kg8
67. Qf7+ Kh8 68. Nxe8 Nxe8 69. Qxh7# 1-0

[Event "?"]
[Site "?"]
[Date "2011.06.04"]
[Round "6.41"]
[White "Rudhart, Michael"]
[Black "Stitterich, Nadine"]
[Result "0-1"]
[WhiteElo "1905"]
[BlackElo "2015"]
[PlyCount "100"]
[EventDate "2011.??.??"]
[WhiteTeam "SV Stuttgart-Wolfbusch 1956 e.V."]
[BlackTeam "SV Stuttgart-Wolfbusch 1956 e.V."]

1. Nc3 d5 2. e4 dxe4 3. Nxe4 Nf6 4. Nxf6+ gxf6 5. d4 e5 6. d5 Bc5 7. Bh6 Rg8 8.
h3 Qd6 9. c4 Qb6 10. Qc2 f5 11. Bc1 Bb4+ 12. Bd2 a5 13. a3 Bxd2+ 14. Qxd2 Nd7
15. Qc3 Qd6 16. Nf3 b6 17. O-O-O a4 18. Re1 f6 19. Nd4 Nc5 20. f3 Kf7 21. Nb5
Qd7 22. Qc2 Ba6 23. Nc3 Bb7 24. g4 Nb3+ 25. Kb1 Nd4 26. Qd3 Rg7 27. f4 Re8 28.
g5 Nb3 29. gxf6 e4 30. Qe3 Kxf6 31. Ka2 Nc5 32. Qf2 Reg8 33. Be2 Rg3 34. Rhg1
Qg7 35. Rxg3 Qxg3 36. Qd4+ Ke7 37. Qe5+ Kd8 38. Qxf5 Qg6 39. Qxg6 Rxg6 40. Bg4
Rf6 41. Rf1 Ba6 42. Be2 Rh6 43. Rh1 Rh4 44. f5 Rf4 45. Bg4 Bxc4+ 46. Kb1 Ke7
47. Rd1 Kd6 48. b4 axb3 49. Rd4 Bd3+ 50. Kc1 Rf2 0-1

[Event "?"]
[Site "?"]
[Date "2011.06.04"]
[Round "6.42"]
[White "Töws, Manuel"]
[Black "Feller, Florian"]
[Result "1/2-1/2"]
[WhiteElo "1938"]
[BlackElo "1986"]
[PlyCount "87"]
[EventDate "2011.??.??"]
[WhiteTeam "BG Buchen"]
[BlackTeam "SGem Vaihingen-Rohr"]

1. e4 c5 2. Nf3 d6 3. d4 cxd4 4. Nxd4 Nf6 5. Nc3 a6 6. Bg5 Nbd7 7. Bc4 Qc7 8.
Qe2 Qc5 9. Be3 Qa5 10. O-O-O b5 11. Bb3 Bb7 12. f4 b4 13. Nd5 e6 14. Nxf6+ Nxf6
15. e5 dxe5 16. fxe5 Nd5 17. Rhf1 Bc5 18. Bg1 O-O 19. Rd3 Qb6 20. Qg4 Rad8 21.
Rg3 g6 22. Rh3 Ne3 23. Qh4 h5 24. Bxe3 Bxd4 25. Bh6 Bxe5 26. Bxf8 Rxf8 27. Qf2
Bd4 28. Qe2 Bg7 29. Kb1 a5 30. Rd1 Qc6 31. g4 Ba6 32. Qd2 a4 33. Qd6 Qc8 34.
Bxa4 Be2 35. Bd7 Qc4 36. Re1 Bxg4 37. Rhe3 Ra8 38. a3 bxa3 39. Rxa3 Rxa3 40.
Qxa3 Qc7 41. h3 Bxh3 42. Qxh3 Qxd7 43. Qd3 Qb7 44. c3 1/2-1/2

[Event "?"]
[Site "?"]
[Date "2011.06.04"]
[Round "6.43"]
[White "Schnepel, Thomas"]
[Black "Nicolai, Alexander"]
[Result "1/2-1/2"]
[WhiteElo "1964"]
[BlackElo "1936"]
[PlyCount "64"]
[EventDate "2011.??.??"]
[WhiteTeam "SC Pforzheim 1906"]
[BlackTeam "SV 1947 Wendlingen"]

1. e4 g6 2. d4 Bg7 3. Nc3 c5 4. Be3 Nc6 5. d5 Nd4 6. Nf3 Nxf3+ 7. Qxf3 d6 8.
Bb5+ Bd7 9. Bxd7+ Qxd7 10. O-O b5 11. Rfe1 Rc8 12. Bf4 f6 13. a4 b4 14. Nd1 Nh6
15. Ne3 O-O 16. Nc4 Nf7 17. Qg3 g5 18. Bd2 Ne5 19. Ne3 Kh8 20. Nf5 Ng6 21. a5
a6 22. c3 Rb8 23. cxb4 cxb4 24. Re3 Rfc8 25. Rb3 Rc4 26. Re1 Qc7 27. f4 Rc2 28.
Nxg7 Rxd2 29. Ne6 Qa7+ 30. Kh1 Nxf4 31. Nxf4 gxf4 32. Qxf4 Qf2 1/2-1/2

[Event "?"]
[Site "?"]
[Date "2011.06.04"]
[Round "6.44"]
[White "Körber, Thomas"]
[Black "Mayer, Christian"]
[Result "1/2-1/2"]
[WhiteElo "1961"]
[BlackElo "1851"]
[PlyCount "61"]
[EventDate "2011.??.??"]
[WhiteTeam "SF Fürth 1951 e.V."]
[BlackTeam "Stuttgarter SF 1879"]

1. Nf3 Nf6 2. g3 d5 3. Bg2 Nbd7 4. d3 e5 5. Nbd2 c6 6. e4 Bd6 7. O-O O-O 8. c3
Nc5 9. Qc2 Re8 10. b4 Ne6 11. a3 a5 12. Bb2 dxe4 13. dxe4 axb4 14. axb4 Rxa1
15. Rxa1 Nf8 16. Rd1 Qe7 17. Nc4 Bc7 18. Bc1 N8d7 19. Be3 Qe6 20. Ncd2 h6 21.
h3 Nb6 22. Bf1 Nbd7 23. Kh2 Nf8 24. Nh4 Rd8 25. Nhf3 b6 26. Ra1 N8d7 27. Bc4
Qe7 28. Nh4 c5 29. b5 Bb8 30. Nf5 Qe8 31. Qb3 1/2-1/2

[Event "?"]
[Site "?"]
[Date "2011.06.04"]
[Round "6.45"]
[White "Schäfer, Daniela"]
[Black "Lube, Manfred"]
[Result "1-0"]
[WhiteElo "1946"]
[BlackElo "1903"]
[PlyCount "59"]
[EventDate "2011.??.??"]
[WhiteTeam "SF Deizisau"]
[BlackTeam "SGem Vaihingen-Rohr"]

1. e4 e5 2. Nf3 Nc6 3. Bb5 a6 4. Ba4 Nf6 5. O-O Be7 6. Re1 b5 7. Bb3 d6 8. h3
O-O 9. c3 Nb8 10. d4 Nbd7 11. Nbd2 c5 12. Nf1 Qc7 13. Ng3 c4 14. Bc2 Re8 15.
Nf5 Bf8 16. Bg5 a5 17. Qd2 Rb8 18. Rad1 Rb6 19. Nh2 g6 20. Nh6+ Kg7 21. N2g4
Nxg4 22. Nxg4 f6 23. Bh6+ Kf7 24. Bxf8 Nxf8 25. f4 Bxg4 26. hxg4 exf4 27. Qxf4
Ne6 28. Qh6 Ng5 29. Rf1 Qe7 30. Qxg5 1-0

[Event "?"]
[Site "?"]
[Date "2011.06.04"]
[Round "6.46"]
[White "Rautenberg, Uwe"]
[Black "Dornreiter, Michael"]
[Result "0-1"]
[WhiteElo "1941"]
[BlackElo "1847"]
[PlyCount "93"]
[EventDate "2011.??.??"]
[WhiteTeam "SC Ingersheim e.V."]
[BlackTeam "SC Kirchseeon e.V."]

1. d4 f5 2. Nc3 Nf6 3. Bg5 g6 4. Bxf6 exf6 5. Nf3 d5 6. a3 Nc6 7. e3 a6 8. Bd3
Be6 9. Qe2 Bd6 10. Nd2 Qe7 11. Nb3 O-O 12. h4 b5 13. h5 g5 14. g3 b4 15. axb4
Nxb4 16. Bxa6 c5 17. dxc5 Bxc5 18. O-O Bd6 19. Bd3 g4 20. Nd4 Rxa1 21. Rxa1 Qd7
22. Ncb5 Bc5 23. c3 Nc6 24. Nxc6 Qxc6 25. b4 Bb6 26. Qc2 Qd7 27. Ra6 Rb8 28.
Qe2 Qf7 29. Nd4 Bxd4 30. exd4 Re8 31. Qa2 Bc8 32. Ra8 Re1+ 33. Bf1 Qe6 34. h6
Kf7 35. Ra7+ Bd7 36. b5 Kg6 37. Rb7 f4 38. Qc2+ f5 39. Qd2 fxg3 40. fxg3 Rb1
41. Kf2 Kh5 42. Qe2 Qf7 43. Qe3 f4 44. Qxf4 Qxf4+ 45. gxf4 Bf5 46. Rb6 g3+ 47.
Kg2 0-1

[Event "?"]
[Site "?"]
[Date "2011.06.04"]
[Round "6.47"]
[White "Grünert, Thomas"]
[Black "Kean, Christopher"]
[Result "0-1"]
[WhiteElo "1914"]
[BlackElo "1791"]
[PlyCount "80"]
[EventDate "2011.??.??"]
[WhiteTeam "SF Illingen"]
[BlackTeam "SC Leinfelden"]

1. d4 g6 2. Nf3 Bg7 3. e4 c5 4. c3 cxd4 5. Nxd4 Nc6 6. Be3 Nf6 7. f3 d6 8. Nd2
O-O 9. N2b3 d5 10. Nxc6 bxc6 11. exd5 Nxd5 12. Qd2 Nxe3 13. Qxe3 Be6 14. Bd3
Qb6 15. Qxb6 axb6 16. O-O Rfd8 17. Bc2 Rd6 18. a3 Rad8 19. Rad1 c5 20. Rxd6
Rxd6 21. Rd1 Bh6 22. Rxd6 exd6 23. Na1 Bc1 24. b4 Bxa3 25. bxc5 dxc5 26. Bb3 c4
27. Ba4 Bb2 28. Nc2 Bxc3 29. Kf2 Kf8 30. Ke3 Ke7 31. Nd4 Bxd4+ 32. Kxd4 Kd6 33.
Bb5 h5 34. h4 Ke7 35. Bxc4 Bxc4 36. Kxc4 Kf6 37. Kb5 g5 38. Kxb6 gxh4 39. Kc5
Kf5 40. Kd4 Kf4 0-1

[Event "?"]
[Site "?"]
[Date "2011.06.04"]
[Round "6.48"]
[White "Boyarchenko, Vlada"]
[Black "Santos, Paulo"]
[Result "0-1"]
[WhiteElo "1674"]
[BlackElo "1890"]
[PlyCount "120"]
[EventDate "2011.??.??"]
[BlackTeam "SC Lechhausen"]

1. e4 e5 2. Nf3 Nc6 3. Bb5 a6 4. Ba4 Nf6 5. d3 d6 6. c3 Be7 7. O-O Bg4 8. Re1
O-O 9. Nbd2 b5 10. Bc2 Qd7 11. Nf1 Rfe8 12. Ne3 Bh5 13. h3 Nd8 14. a4 Ne6 15.
Nf5 Bf8 16. Ng3 Bg6 17. Ng5 Nf4 18. Bxf4 exf4 19. Ne2 Bh5 20. Qd2 f3 21. Nf4
fxg2 22. Nxh5 Nxh5 23. Bb3 Re7 24. Qe2 g6 25. Nxf7 Rxf7 26. Bxf7+ Qxf7 27. axb5
Qd7 28. Qf3 Qxb5 29. b4 Bh6 30. e5 Rf8 31. Qe2 Nf4 32. Qa2+ Kg7 33. Qxa6 Qxa6
34. Rxa6 Nxh3+ 35. Kxg2 Nf4+ 36. Kg1 Nxd3 37. Re2 Nxe5 38. Ra7 Rf7 39. Rea2 Nd3
40. Rb7 Bf4 41. Raa7 d5 42. b5 Nc5 43. Rb8 Bd6 44. b6 cxb6 45. Rxf7+ Kxf7 46.
Rxb6 Be7 47. Kf1 h5 48. Kg2 Ne4 49. Rb3 Ke6 50. f3 Nd6 51. Rb6 Ke5 52. Kg3 g5
53. Ra6 Bf6 54. Ra4 Nb5 55. c4 Nc3 56. Ra3 Kd4 57. cxd5 Nxd5 58. Ra7 Be5+ 59.
Kf2 h4 60. Rh7 Bg3+ 0-1

[Event "?"]
[Site "?"]
[Date "2011.06.04"]
[Round "6.49"]
[White "Reder, Erik"]
[Black "Recker, Martin"]
[Result "1-0"]
[WhiteElo "1920"]
[BlackElo "1912"]
[PlyCount "75"]
[EventDate "2011.??.??"]
[WhiteTeam "SK e4 Gerlingen"]
[BlackTeam "SF Freiberg"]

1. c4 Nf6 2. g3 c6 3. Bg2 d5 4. d4 dxc4 5. Nc3 g6 6. Nf3 Nbd7 7. O-O Bg7 8. a4
a5 9. e4 O-O 10. Qe2 Nb6 11. Rd1 Bg4 12. h3 Bxf3 13. Bxf3 Qc8 14. Bg2 Rd8 15.
Be3 Nfd7 16. f4 Qc7 17. Nb1 e6 18. Nc3 Rac8 19. Qf2 f5 20. d5 Bxc3 21. dxe6 Bf6
22. exd7 Nxd7 23. e5 Be7 24. Rac1 b5 25. b3 Nf8 26. axb5 cxb5 27. Bd5+ Kg7 28.
bxc4 bxc4 29. Kg2 Bc5 30. Rxc4 Bxe3 31. Rxc7+ Rxc7 32. Qxe3 Rcd7 33. Qf3 Ne6
34. Qa3 Nc7 35. Bf3 Rxd1 36. Qe7+ Kh6 37. Bxd1 Rxd1 38. Qxc7 1-0

[Event "?"]
[Site "?"]
[Date "2011.06.04"]
[Round "6.50"]
[White "Pietzka, Martin"]
[Black "Meinecke, Klaus-Hinrich"]
[Result "1-0"]
[WhiteElo "1863"]
[BlackElo "1806"]
[PlyCount "55"]
[EventDate "2011.??.??"]
[WhiteTeam "SV Nürtingen 1920"]
[BlackTeam "SAbt TSV Münchingen"]

1. e4 c5 2. Nf3 d6 3. Bb5+ Nd7 4. O-O a6 5. Bxd7+ Qxd7 6. Nc3 e6 7. a4 b6 8. d4
c4 9. d5 e5 10. Qe2 Qc7 11. Nd2 Bd7 12. Qxc4 Qxc4 13. Nxc4 Rb8 14. Be3 b5 15.
axb5 axb5 16. Nb6 Nf6 17. b4 Be7 18. Ra7 Bd8 19. Nxd7 Nxd7 20. Rfa1 Ke7 21. Kf1
h6 22. R1a6 f6 23. Rc6 g6 24. Raa6 Rh7 25. Rxd6 h5 26. Re6+ Kf7 27. Ra7 Kg8 28.
Re8+ 1-0

[Event "?"]
[Site "?"]
[Date "2011.06.04"]
[Round "7.1"]
[White "Ovsejevitsch, Sergei"]
[Black "Lobzhanidze, Davit"]
[Result "1/2-1/2"]
[WhiteElo "2585"]
[BlackElo "2474"]
[PlyCount "21"]
[EventDate "2011.??.??"]
[WhiteTeam "SK Gau-Algesheim"]
[BlackTeam "SV 1920 Hofheim"]

1. d4 d5 2. c4 c6 3. Nf3 Nf6 4. Nc3 dxc4 5. a4 Bf5 6. e3 e6 7. Bxc4 Bb4 8. O-O
O-O 9. Qe2 Nbd7 10. e4 Bg6 11. Bd3 1/2-1/2

[Event "?"]
[Site "?"]
[Date "2011.06.04"]
[Round "7.2"]
[White "Reich, Thomas"]
[Black "Korneev, Oleg"]
[Result "1/2-1/2"]
[WhiteElo "2381"]
[BlackElo "2573"]
[PlyCount "20"]
[EventDate "2011.??.??"]
[WhiteTeam "FC Bayern München e.V."]

1. d4 d5 2. Bf4 Nf6 3. e3 c5 4. c3 Nc6 5. Nd2 Bf5 6. Qb3 Qc8 7. Ngf3 e6 8. h3
Be7 9. Be2 O-O 10. Nh4 Be4 1/2-1/2

[Event "?"]
[Site "?"]
[Date "2011.06.04"]
[Round "7.3"]
[White "Ikonnikov, Viacheslav"]
[Black "Teske, Henrik"]
[Result "1/2-1/2"]
[WhiteElo "2557"]
[BlackElo "2534"]
[PlyCount "21"]
[EventDate "2011.??.??"]
[WhiteTeam "SK 1879 HD-Handschuhsheim"]
[BlackTeam "SC 1950 Remagen"]

1. d4 Nf6 2. Nf3 d5 3. c4 e6 4. Nc3 c5 5. cxd5 Nxd5 6. e4 Nxc3 7. bxc3 cxd4 8.
cxd4 Bb4+ 9. Bd2 Bxd2+ 10. Qxd2 O-O 11. Bc4 1/2-1/2

[Event "?"]
[Site "?"]
[Date "2011.06.04"]
[Round "7.4"]
[White "Kabisch, Thilo"]
[Black "Dobosz, Henryk"]
[Result "0-1"]
[WhiteElo "2291"]
[BlackElo "2396"]
[PlyCount "86"]
[EventDate "2011.??.??"]
[WhiteTeam "SK Schmiden/Cannstatt"]
[BlackTeam "BG Buchen"]

1. e4 c5 2. Nf3 d6 3. d4 cxd4 4. Nxd4 Nf6 5. Nc3 a6 6. Bc4 e6 7. a3 Be7 8. Ba2
Nc6 9. O-O O-O 10. Kh1 Bd7 11. f4 Rc8 12. Be3 b5 13. f5 Nxd4 14. Bxd4 e5 15.
Be3 Rxc3 16. bxc3 Nxe4 17. Qd3 Bc6 18. Rad1 Qa8 19. c4 Nf6 20. Qe2 h6 21. Bc1
Rc8 22. Rf2 Bb7 23. Bb2 bxc4 24. Bxc4 Ne4 25. Rff1 Bf6 26. Bd3 Nc3 27. Bxc3
Rxc3 28. Rb1 d5 29. Rb6 e4 30. Bxa6 Bxa6 31. Rxa6 Qc8 32. Ra5 Rxc2 33. Qb5 d4
34. h3 d3 35. Qd5 Rc1 36. Rxc1 Qxc1+ 37. Kh2 Qf4+ 38. Kh1 d2 39. Ra7 Qf1+ 40.
Kh2 Be5+ 41. Qxe5 d1=Q 42. Ra8+ Kh7 43. Qxe4 Qd6+ 0-1

[Event "?"]
[Site "?"]
[Date "2011.06.04"]
[Round "7.5"]
[White "Neyman, Igor"]
[Black "Wagner, Florian"]
[Result "1-0"]
[WhiteElo "2262"]
[BlackElo "2249"]
[PlyCount "98"]
[EventDate "2011.??.??"]
[WhiteTeam "SGem Vaihingen-Rohr"]
[BlackTeam "SC Noris-Tarrasch Nürnberg 1873"]

1. d4 g6 2. c4 Bg7 3. e4 d6 4. Nc3 e5 5. d5 f5 6. Bd3 Nf6 7. Nf3 O-O 8. h3 a5
9. a3 Na6 10. Bg5 h6 11. Bxf6 Qxf6 12. b4 Bd7 13. Rb1 Rf7 14. Qc2 f4 15. Ne2
Bf8 16. Nc1 g5 17. Be2 Qg6 18. Nd2 h5 19. Nd3 axb4 20. axb4 g4 21. hxg4 hxg4
22. c5 f3 23. gxf3 gxf3 24. Bxf3 Rxf3 25. Nxf3 Qxe4+ 26. Qe2 Qxe2+ 27. Kxe2 e4
28. Rhg1+ Bg7 29. Nfe1 exd3+ 30. Nxd3 Kf7 31. c6 bxc6 32. dxc6 Bf5 33. Rb3 Re8+
34. Kd2 Bh6+ 35. Kc3 Bg7+ 36. Kd2 Bh6+ 37. Kc3 Rb8 38. b5 Bxd3 39. bxa6 Rxb3+
40. Kxb3 Bxa6 41. Ra1 Bb5 42. Ra7 Bd2 43. Rb7 Ba6 44. Rxc7+ Ke6 45. Ka4 d5 46.
Ra7 Bd3 47. Rg7 Kd6 48. c7 Bf5 49. Kb5 Bc8 1-0

[Event "?"]
[Site "?"]
[Date "2011.06.04"]
[Round "7.6"]
[White "Krockenberger, Martin"]
[Black "Strunski, Andreas"]
[Result "0-1"]
[WhiteElo "2178"]
[BlackElo "2347"]
[PlyCount "102"]
[EventDate "2011.??.??"]
[WhiteTeam "SK Schmiden/Cannstatt"]
[BlackTeam "Stuttgarter SF 1879"]

1. c4 Nf6 2. g3 c6 3. Bg2 d5 4. Nf3 g6 5. b3 Bg7 6. Bb2 O-O 7. O-O Bg4 8. d3
Nbd7 9. Nbd2 Re8 10. Qc2 e5 11. h3 Bxf3 12. Nxf3 a6 13. e3 b5 14. cxd5 cxd5 15.
Rac1 Qa5 16. Rfd1 b4 17. Qb1 Re6 18. Rc2 Ne8 19. Qa1 f6 20. a3 bxa3 21. Qxa3
Qb5 22. Qa4 Rb8 23. Qxb5 Rxb5 24. Nd2 Kf7 25. Rdc1 Bf8 26. Rc8 Bb4 27. Bc3 Bxc3
28. R1xc3 Ke7 29. Kf1 Rd6 30. R3c6 Rxc6 31. Rxc6 a5 32. Ke2 Nb8 33. Rc1 Kd6 34.
h4 Rc5 35. Kd1 Nc6 36. Bf1 Nc7 37. Rxc5 Kxc5 38. Kc2 h6 39. Nf3 d4 40. exd4+
Nxd4+ 41. Nxd4 exd4 42. Bg2 g5 43. Be4 gxh4 44. gxh4 Ne6 45. Bf5 Nf4 46. Be4
Kb4 47. Kb2 Nh3 48. f3 Nf4 49. Bf5 Ng2 50. h5 Nf4 51. Be4 Nxh5 0-1

[Event "?"]
[Site "?"]
[Date "2011.06.04"]
[Round "7.7"]
[White "Graf, Felix"]
[Black "Weidel, Albrecht"]
[Result "1-0"]
[WhiteElo "2318"]
[BlackElo "2154"]
[PlyCount "65"]
[EventDate "2011.??.??"]
[WhiteTeam "FC Bayern München e.V."]
[BlackTeam "SAbt TG Biberach"]

1. d4 Nf6 2. c4 e6 3. Nf3 Bb4+ 4. Bd2 Bxd2+ 5. Qxd2 O-O 6. Nc3 Qe7 7. e4 Nc6 8.
e5 Ng4 9. Bd3 f5 10. h3 Nh6 11. O-O-O b6 12. Rhe1 Bb7 13. Bf1 a5 14. Kb1 Nf7
15. a3 Nb8 16. Ng1 Na6 17. f4 g5 18. g4 fxg4 19. Bg2 Bxg2 20. Qxg2 gxf4 21. Ne4
g3 22. Ne2 d6 23. Nxf4 dxe5 24. Qxg3+ Kh8 25. dxe5 Nh6 26. Nf6 Nf5 27. Qg4 Nc5
28. Rg1 a4 29. Qh5 Rxf6 30. exf6 Qxf6 31. Ng6+ Kg7 32. Ne5+ Kf8 33. Qxh7 1-0

[Event "?"]
[Site "?"]
[Date "2011.06.04"]
[Round "7.8"]
[White "Bräunlin, Klaus"]
[Black "Holzhäuer, Mathias"]
[Result "1-0"]
[WhiteElo "2147"]
[BlackElo "2297"]
[PlyCount "111"]
[EventDate "2011.??.??"]
[WhiteTeam "SV Trossingen"]
[BlackTeam "SK Schmiden/Cannstatt"]

1. e4 d5 2. exd5 Nf6 3. d4 Bg4 4. Be2 Bxe2 5. Qxe2 Qxd5 6. Nf3 e6 7. O-O Bd6 8.
c4 Qh5 9. Nc3 Nc6 10. Be3 g5 11. c5 g4 12. cxd6 gxf3 13. Qxf3 Qxf3 14. gxf3
Rg8+ 15. Kh1 cxd6 16. Rg1 Rg6 17. Ne4 Nxe4 18. fxe4 d5 19. Rxg6 hxg6 20. exd5
exd5 21. Kg2 Kd7 22. b4 a6 23. a3 Re8 24. Rb1 b5 25. Rc1 Re4 26. Rc3 Rg4+ 27.
Kf1 Rh4 28. Kg2 Rg4+ 29. Kf1 f5 30. f3 Rh4 31. Kg2 f4 32. Bf2 Rh8 33. h4 Re8
34. Rc2 Ne7 35. Kh3 Nf5 36. Kg4 Re3 37. Kxf4 Rxa3 38. h5 Ne7 39. h6 g5+ 40. Kg4
Ng8 41. Kxg5 Nxh6 42. Kxh6 Rxf3 43. Kg5 Rb3 44. Ra2 Rxb4 45. Rxa6 Rb2 46. Bg3
b4 47. Rd6+ Ke7 48. Rxd5 b3 49. Re5+ Kd7 50. Rd5+ Ke7 51. Kf5 Rb1 52. Bh4+ Kf7
53. Rd7+ Kf8 54. Kg6 Rg1+ 55. Bg5 Re1 56. Rd8+ 1-0

[Event "?"]
[Site "?"]
[Date "2011.06.04"]
[Round "7.9"]
[White "Gabriel, Josef"]
[Black "Günthner, Oliver"]
[Result "1-0"]
[WhiteElo "2113"]
[BlackElo "2276"]
[PlyCount "131"]
[EventDate "2011.??.??"]
[WhiteTeam "Stuttgarter SF 1879"]
[BlackTeam "SK Neuhausen"]

1. e4 c5 2. Nf3 d6 3. d4 cxd4 4. Nxd4 Nf6 5. Nc3 a6 6. a4 e5 7. Nf3 Qc7 8. Be2
h6 9. O-O Be6 10. Nd5 Nxd5 11. exd5 Bf5 12. Bd3 Bxd3 13. Qxd3 Be7 14. a5 Nd7
15. Be3 O-O 16. Qb3 Rfc8 17. c3 Rab8 18. Ra4 Nc5 19. Bxc5 Qxc5 20. Qa2 Qb5 21.
Rd1 Qd7 22. Nd2 Qf5 23. Ne4 Qd7 24. Rb4 f5 25. Nd2 Kh8 26. Nc4 Rc5 27. Nb6 Qe8
28. c4 Bd8 29. Ra4 Bxb6 30. axb6 Qd8 31. Qb3 Rbc8 32. Rda1 Qg5 33. Qd3 g6 34.
b3 Qd8 35. Qd2 Kg7 36. Qb4 Qg5 37. Ra5 Rxa5 38. Qxa5 h5 39. Qb4 Rc5 40. g3 h4
41. Rxa6 bxa6 42. b7 h3 43. f4 Qh5 44. b8=Q Qd1+ 45. Kf2 Qc2+ 46. Ke3 Qc1+ 47.
Ke2 Qc2+ 48. Qd2 Qe4+ 49. Qe3 Qc2+ 50. Ke1 Qb1+ 51. Kd2 Qb2+ 52. Kd1 Qb1+ 53.
Qc1 Qd3+ 54. Ke1 Qe4+ 55. Kd2 Qd4+ 56. Kc2 Qxd5 57. Qb4 Qc6 58. Qc3 a5 59. Qf1
Kg8 60. Qff3 Qa6 61. g4 a4 62. b4 e4 63. Qxh3 Rxc4 64. Qhh8+ Kf7 65. Qhg7+ Ke8
66. Qg8+ 1-0